Themmadi (Record no. 102918)

MARC details
000 -LEADER
fixed length control field 00548nam a2200229Ia 4500
003 - CONTROL NUMBER IDENTIFIER
control field OSt
005 - DATE AND TIME OF LATEST TRANSACTION
control field 20220916111008.0
008 - FIXED-LENGTH DATA ELEMENTS--GENERAL INFORMATION
fixed length control field him
037 ## - SOURCE OF ACQUISITION
Terms of availability Textbook
040 ## - CATALOGING SOURCE
Language of cataloging him
Original cataloging agency ARTS
Transcribing agency ARTS
041 ## - LANGUAGE CODE
Language code of text/sound track or separate title him
100 ## - MAIN ENTRY--PERSONAL NAME
Personal name Ezhuthachan M.K. Tr.
245 #0 - TITLE STATEMENT
Title Themmadi
260 ## - PUBLICATION, DISTRIBUTION, ETC.
Date of publication, distribution, etc. 1956
650 ## - SUBJECT ADDED ENTRY--TOPICAL TERM
Topical term or geographic name entry element HINDI FICTION; HINDI LITERATURE
942 ## - ADDED ENTRY ELEMENTS (KOHA)
Classification part O152,3N08,1, 32J6
Koha item type Textbook
Source of classification or shelving scheme Colon Classification (CC)
Holdings
Withdrawn status Lost status Damaged status Not for loan Home library Current library Date acquired Total Checkouts Full call number Barcode Date last seen Price effective from Koha item type
        Arts Library Arts Library 2022-09-16   O152,3N08,1 32J6 AL0161803 2022-09-16 2022-09-16 Textbook
Copyright @ Delhi University Library System